00531nam a2200181 a 45000010010000000030011000100080041000210350026000620820014000881000026001022450036001282600037001646500011002019420012002129520090002249980020003149990015003340000-9196ELIB.Books110520 1954  a(ELIB.Books)0000-9348 a264 bRat aRattenbury, J. Ernest aVital Element of Public Worship bLondon: The Epworth Press c1954 aPrayer 2ddccBK 00102ddc4070aKBTSbKBTSd2011-05-20l0p7323r2022-01-22 00:00:00w2022-01-22yBK cbate2011-05-20 c9196d9196